Évènements marquants des années 2000 par images - Statistiques

Statistiques générales
  • Ce quiz a été pris 202 fois
  • Le résultat moyen est 13 sur 15
Statistiques - réponses
Par images Hint Réponse % Correct
26 mars 2000 Élection de {Vladimir} {Poutine}
99%
4 février 2004 Création du réseau social {Facebook}
98%
20 janvier 2009 Élection de {Barack} {Obama}
98%
6 mai 2007 Élection de {Nicolas} {Sarkozy}
98%
1er janvier 2002 Mise en circulation de l'{euro}
98%
25 juin 2009 Mort de {Michael} {Jackson}
98%
29 juin 2007 Sortie du premier {Iphone}
98%
18 décembre 2009 Sortie du film {Avatar} de James Cameron
97%
27 septembre 2008 Record mondial du 100 m par {Usain} {Bolt}
94%
4 février 2000 Sortie du premier jeu vidéo {Les} {Sims}
90%
11 septembre 2001 Attentats du {World} {Trade} {Center}
85%
15 août 2004 Médaille d'or de {Laure} {Manaudou} au 400 m nage libre au JO d'Athènes
79%
27 septembre 2005 Parution du premier livre de la saga {Twilight} de Stephenie Meyer)
65%
15 août 2007 Début de la crise des {subprimes}
56%
1er juillet 2002 Création de la {Cour} {pénale} {internationale} pour juger les crimes les plus importants
39%
Aucun quiz correspondant
Distribution des résultats
% des personnes avec chaque résultat
Percentile par nombre de réponses
Votre historique - résultats
Vous n’avez pas pris ce quiz